000 00481nam a2200193Ia 4500
008 151119s9999||||xx |||||||||||||| ||und||
082 _a940.54
082 _bGKKV27691
100 _aTAYLOR A J P
245 _aTHE ORIGINS OF THE SECOND WORLD WAR
260 _a--
260 _b--
260 _c0
600 _aTAYLOR A J P
630 _aTHE ORIGINS OF THE SECOND WORLD WAR
700 _aTAYLOR A J P
730 _aTHE ORIGINS OF THE SECOND WORLD WAR
942 _cBOOK
999 _c1080121
_d1080118